000 00252nam a22001217a 4500
008 170216b xxu||||| |||| 00| 0 eng d
041 _aeng
080 _a615
100 _a5
101 _aSHF
245 _aPSYCHOTROPIC DRUGS
_cKELTNER
942 _2udc
_cBK
999 _c5710
_d5710